000 00607nam a22002177a 4500
003 OSt
005 20140310183100.0
008 130301t xxu||||| |||| 00| 0 eng d
020 _a9715470998
050 _aQH 316.5
_b.B276 1995
082 _aFIL 574
_bB52 1995
245 _aBiology 2
_bLaboratory Manual
_cBarrion, Adelina
260 _aLaguna
_bInstitute of Biological Science College of Art and Science U.P. Los BaƱos
_c1995
300 _a135 p.
_c27 cm
521 _acollege students
526 _c1210L-1700L
541 _j1
541 _j2
562 _e2
942 _2lcc
_cBK
_kFIL
999 _c18730
_d18730